| 000 | 00662nam a22002057a 4500 | ||
|---|---|---|---|
| 999 |
_c9706 _d9706 |
||
| 003 | AR-CdUCM | ||
| 008 | 190328b ||||| |||| 00| 0 spa d | ||
| 040 |
_aMUNICIPALIDAD PROVINCIAL DEL CUSCO _cBIBLIOTECA MUNICIPAL DEL CUSCO |
||
| 082 |
_aC / 867.714 / _bI99A |
||
| 100 |
_aIzquiero Rios, Francisco _926089 |
||
| 245 | _aEl Arbol Blanco / | ||
| 260 |
_aLima : _bReprografica S.A. , _c1963. |
||
| 300 |
_a137 páginas ; _c21.7 cm. |
||
| 500 | _aContiene dedicatoria a Luis Nieto. | ||
| 650 |
_aLiteratura Infantil Peruana _913948 |
||
| 650 |
_aLiteratura Universal _9611 |
||
| 650 |
_aCuentos cortos para niños _926090 |
||
| 942 |
_2ddc _cLIBROS |
||
| 945 | _artm | ||